01361nam a2200361 c 450000100060000000300100000600500170001600700030003300800410003602000180007704000350009504100080013008400060013824501430014424600440028725000450033126400560037630000340043233600270046633700330049333800280052649000210055452100610057565000390063665000450067565000370072065000390075765000410079670000490083770000370088670000300092370000460095358665CO-BoRNBP20250827161938.0ta210806s20162020ck a br 000 p spa d a9789583051630 aCO-BoRNBPbspaerdacCO-BoRNBP aspa aP03aEl libro de Antón Pirulero /cselección y textos de Sergio Andricaín y Antonio Orlando Rodríguez ; ilustraciones por Ivar Da Coll.31bCoplas, nanas, adivinanzas, retahílas aSegunda ediciónbTercera reimpresión 1aBogotá, Colombia :bPanamericana Editorial,c2020 a66 páginas :bilustraciones atextobtxt2rdacontent asin mediaciónbn2rdamedia avolumenbnc2rdacarrier0 aQue pase el tren aRecomendado para un público infantil mayor de 6 años07aAdivinanzas en la literatura2lemb07aCanciones de cuna en la literatura2lemb07aCanciones en la literatura2lemb04aPoesía infantil colombiana2LEMB04aLiteratura infantil colombiana2LEMB aAndricaín Hernández, Sergio,d1956-eaut aFonseca Real, Raquel Mireyaeedt1 aDa Coll, Ivard1962-eill1 aRodríguez, Antonio Orlando,d1956-eaut